000 00309nam a22001337a 4500
008 171027b xxu||||| |||| 00| 0 eng d
020 _a9780631182375
041 _aeng
080 _a311
100 _a56
101 _aFIN
245 _aNEW DEVELOPMENTS IN COMERCIAL BAKING
_cDONALD.CH
942 _2udc
_cBK
999 _c36190
_d36190